| 000 | 00000nam##2200000za#4500 |
| 001 | 9.601000 |
| 003 | CaOODSP |
| 005 | 20220901164723 |
| 007 | cr ||||||||||| |
| 008 | 150406|1998||||xxc|||||o f|0| 0 fre|d |
| 040 | |aCaOODSP|bfre |
| 043 | |an-cn--- |
| 086 | 1 |aJ3-8/1998-5F-PDF |
| 110 | 1 |aCanada.|bJustice Canada. |bAucun équivalent français. |
| 245 | 10|aSynthèse des conclusions de recherches du ministère de la Justice du Canada sur la violence conjugale / |h[ressource électronique]|c[par] Tammy Landau. |
| 260 | |aOttawa - Ontario : |bJustice Canada. |cMars1998. |
| 300 | |a24p.|btableau |
| 490 | 1 |aDocument de travail|vWD1998-5f |
| 590 | |a11-08-Supp|b2011-06-16 |
| 720 | 1 |aLandau, Tammy |
| 775 | 08|tSynthesis of Department of Justice Canada research findings on spousal assault / |w(CaOODSP)9.570255 |
| 830 | #0|aDocument de travail ;|vWD1998-5f|w(CaOODSP)9.502069 |
| 856 | 40|ahttp://publications.gc.ca|qPDF|s66 Ko|uhttps://publications.gc.ca/collections/collection_2011/jus/J3-8-1998-5-fra.pdf|yWD1998-5f |